000 00533nam a2200193 a 4500
005 20140310183342.0
008 070123s19uu xx 00 eng d
020 _a1931241007
050 _aNC 997
_b.G475 1992
100 _aGill, Bob
245 _aUnspecial effects for grahic designers. /
_cBob Gill.
260 _aU.S.A :
_bGraphis Inc,
_c1992.
300 _a160 p. :
_bill. col. ;
_c22 cm.
521 _aIT
650 _aGraphic arts
_xTechnique.
650 _aDesign
_xTechnique.
942 _cBK
_2lcc
_kFOR
999 _c21852
_d21852